Statistics for Name the twenty most searched countries on Wikipedia.

Click here to take the quiz!

General Stats

  • This quiz has been taken 54 times
  • The average score is 15 of 20

Answer Stats

Answer% Correct
Japan
100%
Russia
100%
United Kingdom
100%
Brazil
98%
Canada
98%
France
98%
Germany
98%
United States
98%
China
96%
Australia
94%
India
88%
Argentina
84%
Ukraine
76%
Portugal
57%
Netherlands
53%
Morocco
35%
Qatar
35%
Singapore
31%
Croatia
16%
Senegal
6%

Score Distribution

Percentile by Number Answered

Percent of People with Each Score

Your Score History

You have not taken this quiz